Name a Country Ending with A - A-Z - Statistics

General Stats
  • This quiz has been taken 3,377 times
    2,999 since last reset
  • The average score is 16 of 20
Answer Stats
Letter Country % Correct
A Albania | Algeria | Andorra | +6
99%
C Cambodia | Canada | China | +4
92%
E Equatorial Guinea | Eritrea | Estonia | Ethiopia
87%
G Gambia | Georgia | Ghana | +4
87%
R Romania | Russia | Rwanda
86%
B Bolivia | Bosnia & Herzegovina | Botswana | Bulgaria
84%
S St Lucia | Samoa | Saudi Arabia | +8
84%
N Namibia | Nicaragua | Nigeria | +2
83%
M Malaysia | Malta | Mauritania | Moldova | Mongolia
82%
L Latvia | Liberia | Libya | Lithuania
81%
Z Zambia
81%
I India | Indonesia
80%
U Uganda | United States of America
79%
J Jamaica
76%
T Tanzania | Tonga | Tunisia
76%
V Venezuela
73%
K Kenya
67%
D Dominica
64%
P Panama | Papua New Guinea
64%
F F. S. Micronesia
45%
No matching quizzes found
Score Distribution
Percent of People with Each Score
Percentile by Number Answered
Your Score History
You have not taken this quiz since the last reset